Apothecary's wife: The hidden history of Medicine and how it became a commodity. (Record no. 750558)
[ view plain ]
| 000 -LEADER | |
|---|---|
| fixed length control field | 00377 a2200133 4500 |
| 020 ## - INTERNATIONAL STANDARD BOOK NUMBER | |
| ISBN | 9781803286990 |
| 084 ## - OTHER CLASSIFICATION NUMBER | |
| Source of Number | CC |
| Classification number | L:(M3)v |
| 100 ## - MAIN ENTRY--AUTHOR NAME | |
| Personal name | GEVIRTZ (Karen Bloom) |
| 245 ## - TITLE STATEMENT | |
| Title | Apothecary's wife: The hidden history of Medicine and how it became a commodity. |
| 260 ## - PUBLICATION, DISTRIBUTION, ETC. (IMPRINT) | |
| Name of publisher | Head of Zeus Ltd. |
| Year of publication | 2024, |
| Place of publication | UK |
| 300 ## - PHYSICAL DESCRIPTION | |
| Number of Pages | 328p. |
| 942 ## - ADDED ENTRY ELEMENTS (KOHA) | |
| Koha item type | Book |
| Source of classification or shelving scheme | Colon Classification |
| Withdrawn status | Lost status | Source of classification or shelving scheme | Damaged status | Not for loan | Home Library | Current Location | Shelving location | Date acquired | Source of acquisition | Cost, normal purchase price | Full call number | Accession Number | Cost, replacement price | Price effective from | Koha item type |
|---|---|---|---|---|---|---|---|---|---|---|---|---|---|---|---|
| Dewey Decimal Classification | Campus Library Kariavattom | Campus Library Kariavattom | General Stacks | 26/03/2026 | 610.9 GEV.A | UCL35086 | 26/03/2026 | Book | |||||||
| Colon Classification | Kerala University Library | Kerala University Library | General Stacks | 05/11/2025 | 1 | 1874.25 | L:(M3)v R4 | 325401 | 2499.00 | 05/11/2025 | General |
